000 01422nam a2200337 c 4500
003 BLK
005 20180422103228.0
008 180408b bul|||||r ||||||| ||bul||
010 _aKNG00075957000
020 _a978-954-529-494-5
_bиздат.: Колибри
040 _aBLK
041 _aBUL
_cBUL
080 _aЛингвистични и филоложки изследвания върху литературата. Употребява се, като към 820/899 се добавят деленията на 801
_b82:801.6
_x
_z82:801.6
100 1 _aКундера, Милан
_eпърви автор
_985602
700 1 _aЗнеполски, Боян
_eпрев. от фр.
_9369221
139 _aКундера, Милан
_bК 93
245 1 0 _aИзкуството на романа
_cМилан Кундера; прев. от фр. Боян Знеполски.
257 _aCHE
260 София
_bКолибри
_c2007
_fСофия : Симолини
300 _a168 с.
_c20 см
380 _aX
500 _aОриг. загл. L'art du roman / Milan Kundera. - Офс. изд.
650 4 _aЛитературна теория
_9276215
653 _aлитературна теория
653 _aромани
852 _aЦб 234542
856 4 _qpdf
_u
856 4 _qpdf
_u
942 _cKNG
_n0
944 _aCR
_c22.06.2007
_kГеновева_Генчева
944 _aED
_c19.12.2016
_kВиолета_Тройчева
999 _c71586
_d71586